Nomi dei calciatori - Quiz n°17 - Statistics

Statistiche generali
  • Questo quiz è stato fatto 120 volte
  • Il punteggio medio è 9 su 10
Statistiche sulle risposte
Hint Risposta % Corretto
Dybala Paulo
99%
Zaccagni Mattia
96%
Locatelli Manuel
94%
Son Heung-min
93%
Davies Alphonso
88%
Tomori Fikayo
88%
Philips Kalvin
88%
Vrsaljko Šime
81%
Adebayor Emmanuel
79%
Torosidis Vasilis
78%
Nessun quiz corrispondente trovato
Distribuzione punteggi
Percentuale di utenti per punteggio
Percentile per numero di risposta
I tuoi punteggi nel tempo
Non hai fatto questo quiz